Manmasi yearbook : (Record no. 10477)

MARC details
000 -LEADER
fixed length control field 00448nam a22001577a 4500
003 - CONTROL NUMBER IDENTIFIER
control field GBCCL
005 - DATE AND TIME OF LATEST TRANSACTION
control field 20241126110733.0
008 - FIXED-LENGTH DATA ELEMENTS--GENERAL INFORMATION
fixed length control field 240808b ||||| |||| 00| 0 eng d
040 ## - CATALOGING SOURCE
Transcribing agency gbc
082 ## - DEWEY DECIMAL CLASSIFICATION NUMBER
Classification number 050
Item number MAN
245 ## - TITLE STATEMENT
Title Manmasi yearbook :
Remainder of title 2006-2007 /
Statement of responsibility, etc. Timothy Z Zote, editor
260 ## - PUBLICATION, DISTRIBUTION, ETC.
Place of publication, distribution, etc. Churachandpur :
Name of publisher, distributor, etc. Manmasi yearbook, inc pvt,
Date of publication, distribution, etc. 2007
300 ## - PHYSICAL DESCRIPTION
Extent 719p
650 ## - SUBJECT ADDED ENTRY--TOPICAL TERM
Topical term or geographic name entry element Generalities
Form subdivision Encyclopedia
General subdivision Yearbook
9 (RLIN) 18253
942 ## - ADDED ENTRY ELEMENTS (KOHA)
Source of classification or shelving scheme Dewey Decimal Classification
Koha item type Books
Koha issues (borrowed), all copies 1
Holdings
Withdrawn status Lost status Source of classification or shelving scheme Damaged status Not for loan Home library Current Library Shelving location Date acquired Total checkouts Full call number Barcode Date last seen Date last checked out Copy number Price effective from Koha item type
    Dewey Decimal Classification     GRACE BIBLE COLLEGE GRACE BIBLE COLLEGE General Studies 2024-08-08 1 050 MAN 016272 2025-05-01 2024-09-17 v.2 c.1 2024-08-08 Books
    Dewey Decimal Classification     GRACE BIBLE COLLEGE GRACE BIBLE COLLEGE General Studies 2024-08-08   050 MAN 016273 2025-05-01   v.2 c.2 2024-08-08 Books
© Grace Bible College Library 2025